| 000 | 00000cam 2200000zi 4500 |
| 001 | 9.894759 |
| 003 | CaOODSP |
| 005 | 20251223114406 |
| 006 | m o d f |
| 007 | cr cn||||||||| |
| 008 | 201216m20202021oncao o f000 0 fre d |
| 040 | |aCaOODSP|bfre|erda|cCaOODSP |
| 043 | |an-cn--- |
| 086 | 1 |aP29-065-017-2020F-PDF |
| 245 | 00|aCombinaisons pour passagers d'hélicoptère. |
| 250 | |a[Édition de décembre 2020]. |
| 264 | 1|aOttawa (Ontario) : |bOffice des normes générales du Canada : |bConseil canadien des normes, |c2020, 2021. |
| 264 | 4|c©2020 |
| 300 | |a1 ressource en ligne (iv, 81 pages) : |billustrations, photographies. |
| 336 | |atexte|btxt|2rdacontent/fre |
| 337 | |ainformatique|bc|2rdamedia/fre |
| 338 | |aressource en ligne|bcr|2rdacarrier/fre |
| 490 | 1 |aNorme nationale du Canada ; |vCAN/CGSB-65.17-2020 |
| 500 | |a« Décembre 2020. » |
| 500 | |a« Rectificatif no 1, août 2021. » |
| 500 | |a« Expérience et excellence » -- Couverture. |
| 500 | |aRemplace CAN/CGSB-65.17-2012. |
| 500 | |aPublié aussi en anglais sous le titre : Helicopter passenger transportation suit systems. |
| 520 | |a« La présente norme s’applique aux combinaisons portées par des passagers d’hélicoptère pendant un vol au-dessus de l’eau lorsqu’une protection thermique pourrait être nécessaire » -- Objet, page 1. |
| 650 | 6|aHélicoptères|xSécurité|xMesures|xNormes|zCanada. |
| 650 | 6|aHélicoptères|xÉquipement|xNormes|zCanada. |
| 650 | 6|aCombinaisons de plongée|xNormes|zCanada. |
| 710 | 2 |aConseil canadien des normes, |eorganisme de publication. |
| 710 | 2 |aOffice des normes générales du Canada, |eorganisme de publication. |
| 775 | 08|tHelicopter passenger transportation suit systems.|w(CaOODSP)9.894758 |
| 794 | |tCombinaisons pour passagers d'hélicoptère / |b[Édition de décembre 2025]|w(CaOODSP)9.957132 |
| 795 | |tCombinaisons pour passagers d'hélicoptère |b[Édition d'avril 2012]|w(CaOODSP)9.839937 |
| 830 | #0|aNorme nationale du Canada ;|vCAN/CGSB-65.17-2020.|w(CaOODSP)9.504227 |
| 856 | 40|qPDF|s1.65 Mo|uhttps://publications.gc.ca/collections/collection_2020/ongc-cgsb/P29-065-017-2020-fra.pdf|zRectificatif |
| 856 | 40|qPDF|s1.65 Mo|uhttps://publications.gc.ca/collections/collection_2021/ongc-cgsb/P29-065-017-2020-1-fra.pdf|zRectificatif |
| 986 | |aICS 13.340.10 |